Statistiques concernant Culture Générale : Difficile #2

Cliquez ici pour prendre le quiz!

Statistiques générales

  • Ce quiz a été pris 271 fois
  • Le résultat moyen est 8 sur 20

Statistiques - réponses

IndiceRéponse% Correct
Quelle est la capitale de l'Equateur ?Quito
73%
Quel roman d'Emile Zola parle d'une révolte d'ouvriers dans les mines ?Germinal
66%
Comment se nomme l'espèce d'amphibien terrestre, aux taches jaunes et noires, emblème de François Ier ?Salamandre tachetée
64%
Comment se nomme la plus grande des trois pyramides de Gizeh ?Khéops
63%
Quelle est la monnaie de l'Algérie ?Dinar algérien
61%
Lors des Jeux Olympiques d'hiver de Beijing (Pékin) organisé en 2022, combien de médailles d'or a gagné l'équipe de France ?5
58%
Quelle est le nom de la chanson faisant référence à une tuerie ayant eu lieu en 1972 en Irlande ?Sunday Bloody Sunday
56%
Quelles sont les deux os qui composent l'avant-bras ?Radius et Cubitus (ou Ulna)
50%
Quel ingénieur militaire français à réalisé de nombreuses constructions de forts dont le plus connu est celui de Neuf-Brisach ?Sébastien Le Prestre de Vauban
48%
Quel est le nom de code de la bataille de Normandie, durant la Seconde Guerre Mondiale ?Opération Overlord
45%
A partir de quelle plante est synthétisée la morphine ?Pavot somnifère
33%
Quelle est la divinité mésoaméricaine dont le nom signifie littéralement "Serpent à plumes" ?Quetzalcoatl
29%
Par quel nom est connue l'œuvre de Mozart écrite juste avant sa mort ?Requiem de Mozart
28%
Quel nom porte le plat coréen composé de légumes fermentés avec du piment ?Kimchi
25%
Quelle entreprise danoise réalise des vêtements de sport, particulièrement pour le football et le handball ?Hummel
17%
Quel métal possède le point de fusion le plus élevé (température à laquelle il devient liquide) ?Tungstene
11%
En quelle année fut imprimé un livre en Europe pour la première fois ?1455
8%
Comment se nomme la cinéaste allemande qui a réalisé "Les Dieux du stade" ?Leni Riefenstahl
6%
Quel tableau de Georges de la Tour, exposé au Louvre, représente des personnes jouant aux cartes ?Le tricheur à l'as de carreau
6%
Quelle est le nom de la ceinture d'astéroïdes qui s'étend après Neptune et dont Pluton fait parti ?Ceinture de Kuiper
5%

Distribution des résultats

Percentile par nombre de réponses

% des personnes avec chaque résultat

Votre développement - résultats

Vous n’avez pas pris ce quiz